Statystyki dla Quebonafide - kraje z Egzotyki

Kliknij tutaj aby rozwiązać quiz!

Ogólne statystyki

  • Ten quiz został rozwiązany 2 239 razy
  • Średni wynik to 10 z 14

Statystyki odpowiedzi

HintOdpowiedź% Poprawnych
MadagaskarMadagaskar
96%
C’est la VieFrancja
91%
ZorzaIslandia
88%
Luis Nazario De LimaBrazylia
87%
QuebahombreMeksyk
86%
BollywoodIndie
85%
OdyseuszPolska
79%
BumerangAustralia
73%
Między słowamiJaponia
72%
SzejkZjednoczone Emiraty Arabskie
69%
To nie jest hip hopStany Zjednoczone
66%
Oh my BuddhaTajlandia
56%
Arabska nocMaroko
50%
ChangaRepublika Południowej Afryki
49%

Rozkład punktacji

Percentyl według liczby udzielonych odpowiedzi

Procent ludzi z każdym wynikiem

Twoja historia wyników

Nie rozwiązałeś tego quizu